| 000 | 00977cam a2200301 i 4500 | ||
|---|---|---|---|
| 999 |
_c200447409 _d65621 |
||
| 001 | 200447409 | ||
| 003 | TR-AnTOB | ||
| 005 | 20240116001140.0 | ||
| 007 | ta | ||
| 008 | 030715s2003 tu b 000 0 tur d | ||
| 035 | _a(TR-AnTOB)200447409 | ||
| 040 |
_aTR-AnTOB _beng _erda _cTR-AnTOB |
||
| 041 | 0 | _atur | |
| 050 | 4 |
_aHG5706.5.A3 _bS47 2003 |
|
| 090 |
_aTOBBK HG5706.5.A3 _bS47 2003 |
||
| 245 | 0 | 0 | _aSermaye piyasasının geliştirilmesine yönelik vergi düzenlemeleri hakkında rapor. |
| 264 | 1 |
_aİstanbul : _bTSPAKB, _c2003. |
|
| 300 |
_a1 volume (various pagings) ; _c30 cm |
||
| 336 |
_atext _btxt _2rdacontent |
||
| 337 |
_aunmediated _bn _2rdamedia |
||
| 338 |
_avolume _bnc _2rdacarrier |
||
| 650 | 0 |
_aSermaye piyasası _zTürkiye _917859 |
|
| 650 | 7 |
_aVergilendirme _zTürkiye _2 _987331 |
|
| 710 | 2 |
_aTürkiye Sermaye Piyasası Aracı Kuruluşları Birliği _982740 |
|
| 942 |
_2z _cBK |
||